000
00346pam a2200157a 44500
008
230515b2004 xxu||||| |||| 00| 0 eng d
020
_a
NULL
041
_a
ENGLISH
082
_a
123
100
_a
BHARATI A &CHITANYA
245
_a
NATURAL LANGUGE PROCESSING
250
_a
2004
260
_a
NULL
_b
NA
_c
2004
300
_a
95
650
_a
NULL
999
_c
635528
_d
635528